| 000 | 01575nam2a2200337 i 4500 | ||
|---|---|---|---|
| 001 | RU\NLR\BIBL_A\012564419 | ||
| 005 | 20240922012318.0 | ||
| 010 |
_a9785190115819 _bт. 1 _9300 |
||
| 021 |
_aRU _b2021-14563 _9КН-П-1156 |
||
| 035 | _a(NLR Aleph) 012564419 | ||
| 090 |
_a12470797 _c12470797 |
||
| 100 | _a20210714d2020 km y0rusy50 ca | ||
| 101 | 0 | _arus | |
| 102 | _aRU | ||
| 105 | _aac||z|||010zy | ||
| 181 | 0 |
_ai _baxxe |
|
| 182 | 0 | _an | |
| 200 | 1 | _aИндивидуальный стиль деятельности | |
| 203 |
_aТекст _bвизуальный _cнепосредственный |
||
| 210 | _d2020 | ||
| 215 | _a358, [2] с. | ||
| 320 | _aБиблиогр.: с. 328-349 (363 назв.) | ||
| 320 | _aРаботы авт. и его сотрудников: с. 349-356 | ||
| 461 | 0 |
_1001RU\NLR\BIBL_A\012564415 _12001#$aИзбранные психологические труды$eв 3 т.$fЕ.А. Климов$gредакторы-составители: А.Б. Леоноваа, О.Г. Носкова$vТ.1 _1700#1$aКлимов$bЕ. А.$f1930-$gЕвгений Александрович _912470785 _aКлимов, Е. А. (1930-) _cМосква _d2020 _fЕ.А. Климов _nИзд-во Московского университета _oв 3 т. _tИзбранные психологические труды _y9785190115802 _vТ.1 |
|
| 606 | 1 |
_aПсихология деятельности _91334556 _3RU\NLR\AUTH\66240637 |
|
| 686 | 1 | _aЮ936.1 | |
| 686 | 1 | _aЮ91(2)7 | |
| 942 | _cBOOK | ||
| 980 | _aNBR | ||